Statistiques concernant Chiens : De quel pays sont originaires ces races ? 1

Cliquez ici pour prendre le quiz!

Statistiques générales

  • Ce quiz a été pris 17 fois
  • Le résultat moyen est 8 sur 50

Statistiques - réponses

HintRéponse% Correct
Akita InuJapon
79%
CanicheFrance
64%
Tora InuJapon
50%
MalinoisBelgique
43%
Cane corsoItalie
36%
Cao de Castro LaboreiroPortugal
36%
Bouvier des FlandresBelgique
29%
Cirneco de l'EtnaItalie
29%
SanshuJapon
29%
Barbado de TerceiraPortugal
29%
TeckelAllemagne
21%
DogoArgentine
21%
TervuerenBelgique
21%
Bouledogue CampeiroBrésil
21%
BobtailRoyaume-Uni
21%
BarzoïRussie
21%
LapinkoiraFinlande
14%
WolfhoundIrlande
14%
BergamasqueItalie
14%
KooikerhondjePays-Bas
14%
PointerRoyaume-Uni
14%
Spitz des WisigothsSuède
14%
Saint-BernardSuisse
14%
AkbashTurquie
14%
Lhassa apsoChine
7%
BillyFrance
7%
Basset HoundFrance
7%
KuvaszHongrie
7%
KanniInde
7%
Bully KuttaInde
7%
ChinJapon
7%
HygenhundNorvège
7%
Elkhound noirNorvège
7%
Fila de Saint-MiguelPortugal
7%
Balkanski GonicSerbie
7%
KangelTurquie
7%
Silky TerrierAustralie
0%
LabradoodleAustralie
0%
GroenendaelBelgique
0%
TollerCanada
0%
QimmiqCanada
0%
Mioritic
Roumanie
0%
MorkieEtats-Unis
0%
DorgiEtats-Unis
0%
KokoniGrèce
0%
StabyhounPays-Bas
0%
NizinnyPologne
0%
Trobojni GonicSerbie
0%
CuvacSlovaquie
0%
Bruno du JuraSuisse
0%

Distribution des résultats

Percentile par nombre de réponses

% des personnes avec chaque résultat

Votre développement - résultats

Vous n’avez pas pris ce quiz